Perspectives de l'emploi de l'OCDE juin 2001

Salvato in:
Dettagli Bibliografici
Natura: Libro
Lingua:francese
Pubblicazione: Paris OCDE 2001
Serie:Emploi
Soggetti:
Tags: Aggiungi Tag
Nessun Tag, puoi essere il primo ad aggiungerne!!

MARC

LEADER 00000nam a2200000 4500
001 c130445
005 20230719114904.1
020 |a 92-64-28689-6 
041 0 |a fre 
044 |a FR 
245 1 0 |a Perspectives de l'emploi de l'OCDE  |b juin 2001 
264 1 |a Paris  |b OCDE  |c 2001 
300 |a 259 s. 
490 1 |a Emploi 
830 0 |a Emploi 
610 2 0 |a zamestnanosť 
610 2 0 |a trh práce 
610 2 0 |a peniaze 
610 2 0 |a rodina 
610 2 0 |a ponuka práce 
610 2 0 |a ponuka práce 
610 2 0 |a miesta pracovné 
610 2 0 |a porovnanie štatistické 
610 2 0 |a porovnanie štatistické medzinárodné 
610 2 0 |a analýza ekonometrická 
610 2 0 |a analýza štatistická 
610 2 0 |a OECD 
610 2 0 |a svet